[Event "Russian Championship (men rapid)"]
[Site "Sochi"]
[Date "2017.10.01"]
[Round "11.11"]
[White "Novikov, Maxim"]
[Black "Timofeev, Artyom"]
[Result "1-0"]
[LiveChessVersion "1.4.8"]
[BlackElo "2608"]
[WhiteElo "2468"]

1. e4 {[%clk 0:15:19]} c5 {[%clk 0:15:18]} 2. Nf3 {[%clk 0:15:28]} Nc6
{[%clk 0:15:26]} 3. Bb5 {[%clk 0:15:26]} e6 {[%clk 0:15:33]} 4. O-O
{[%clk 0:15:25]} Nge7 {[%clk 0:15:40]} 5. d4 {[%clk 0:15:27]} cxd4
{[%clk 0:15:46]} 6. Nxd4 {[%clk 0:15:35]} Qb6 {[%clk 0:15:46]} 7. Bxc6
{[%clk 0:15:22]} Nxc6 {[%clk 0:15:49]} 8. Nb3 {[%clk 0:15:01]} Be7
{[%clk 0:15:36]} 9. Be3 {[%clk 0:14:41]} Qc7 {[%clk 0:15:43]} 10. c4
{[%clk 0:14:14]} O-O {[%clk 0:13:10]} 11. Nc3 {[%clk 0:13:47]} b6
{[%clk 0:13:15]} 12. Rc1 {[%clk 0:13:46]} Bb7 {[%clk 0:12:52]} 13. Nb5
{[%clk 0:13:05]} Qe5 {[%clk 0:12:58]} 14. Qxd7 {[%clk 0:11:53]} Rab8
{[%clk 0:13:06]} 15. f3 {[%clk 0:09:11]} Rfd8 {[%clk 0:11:34]} 16. Qc7
{[%clk 0:09:10]} Bf6 {[%clk 0:11:42]} 17. Qxe5 {[%clk 0:09:03]} Bxe5
{[%clk 0:11:30]} 18. c5 {[%clk 0:06:13]} bxc5 {[%clk 0:10:42]} 19. Nxc5
{[%clk 0:06:17]} Ba8 {[%clk 0:10:50]} 20. a4 {[%clk 0:05:53]} Bxb2
{[%clk 0:10:57]} 21. Rcd1 {[%clk 0:05:26]} a5 {[%clk 0:10:45]} 22. Nd7
{[%clk 0:05:02]} Rb7 {[%clk 0:10:54]} 23. Nc5 {[%clk 0:04:18]} Rbb8
{[%clk 0:11:03]} 24. Na6 {[%clk 0:04:04]} Rxd1 {[%clk 0:09:51]} 25. Rxd1
{[%clk 0:04:12]} Rc8 {[%clk 0:09:59]} 26. Nd6 {[%clk 0:03:23]} Rd8
{[%clk 0:08:57]} 27. Bb6 {[%clk 0:03:26]} Rd7 {[%clk 0:09:06]} 28. Nc5
{[%clk 0:03:17]} Re7 {[%clk 0:09:14]} 29. Kf1 {[%clk 0:03:03]} Be5
{[%clk 0:08:33]} 30. Nc4 {[%clk 0:02:47]} Bxh2 {[%clk 0:08:39]} 31. Nxa5
{[%clk 0:02:45]} Re8 {[%clk 0:08:12]} 32. Nc4 {[%clk 0:02:45]} f5
{[%clk 0:08:02]} 33. a5 {[%clk 0:02:45]} fxe4 {[%clk 0:08:10]} 34. Nxe4
{[%clk 0:02:53]} Nb4 {[%clk 0:08:02]} 35. Ncd6 {[%clk 0:02:31]} Rf8
{[%clk 0:08:00]} 36. Rb1 {[%clk 0:02:02]} Bxd6 {[%clk 0:06:05]} 37. Nxd6
{[%clk 0:02:08]} Na6 {[%clk 0:06:14]} 38. Bd4 {[%clk 0:02:02]} Bd5
{[%clk 0:06:17]} 39. Rb6 {[%clk 0:02:06]} Ra8 {[%clk 0:06:25]} 40. Kf2
{[%clk 0:01:51]} Nc7 {[%clk 0:06:22]} 41. Bc3 {[%clk 0:01:59]} h6
{[%clk 0:05:45]} 42. Rb4 {[%clk 0:01:54]} Kh7 {[%clk 0:05:41]} 43. Rf4
{[%clk 0:01:58]} Ne8 {[%clk 0:05:20]} 44. Nb5 {[%clk 0:01:23]} Nf6
{[%clk 0:05:15]} 45. Nc7 {[%clk 0:01:19]} Rc8 {[%clk 0:05:24]} 46. Be5
{[%clk 0:01:19]} Nd7 {[%clk 0:03:46]} 47. Bd6 {[%clk 0:01:28]} Nc5
{[%clk 0:03:55]} 48. Rf7 {[%clk 0:01:30]} Kg6 {[%clk 0:02:59]} 49. Re7
{[%clk 0:01:39]} Nb7 {[%clk 0:03:07]} 50. Nxd5 {[%clk 0:01:40]} Nxd6
{[%clk 0:02:38]} 51. Rxe6+ {[%clk 0:01:46]} Kf5 {[%clk 0:02:47]} 52. Rxd6
{[%clk 0:01:51]} Ke5 {[%clk 0:02:56]} 53. Rd7 {[%clk 0:01:51]} Ke6
{[%clk 0:03:05]} 54. Nb6 {[%clk 0:01:59]} Kd5 1-0